Sports Quiz

Random Sports Quiz

Exhibition Stadium Career HR Leaders Quiz Stats

 Plays Quiz not verified by Sporcle

Challenge
Share
Tweet
Embed
Score 0/10 Timer 04:00
0 Plays Today
Exhibition Stadium Career Home Runs Player % Correct
72George Bell
97.6%
99Jesse Barfield
87.8%
76Lloyd Moseby
80.5%
62Ernie Whitt
73.2%
29Fred McGriff
56.1%
51Willie Upshaw
51.2%
50John Mayberry
39%
34Cliff Johnson
31.7%
30Rance Mulliniks
31.7%
37Otto Velez
22%

You're not logged in!

Compare scores with friends on all Sporcle quizzes.
Join for Free
OR
Log In

You Might Also Like...

Show Comments

Extras

Top Quizzes Today


Score Distribution

Your Account Isn't Verified!

In order to create a playlist on Sporcle, you need to verify the email address you used during registration. Go to your Sporcle Settings to finish the process.

Report this User

Report this user for behavior that violates our Community Guidelines.

Details: